Direccin̤ del Trabajo

Bibliographic Details
Format: Unknown
Language:English
Published: Chile : vLex Revistas
Subjects:
Online Access:Acceso restringido

MARC

LEADER 00000ny a22000003n 4500
005 20110517103522.0
008 071017c19uu9999us mr pss 0 a0eng d
035 |a 5302 
040 |a BUS  |d vLex 
090 |c 1998  |d 1998 
245 3 0 |a Direccin̤ del Trabajo  |h [Recurso electrn̤ico] 
256 |a Servicio en ln̕ea 
260 |a Chile :  |b vLex Revistas 
650 0 4 |a Trabajo -  |x Publicaciones perid̤icas 
740 0 |a vLex Revista (Servicios en ln̕ea) 
843 |a Electrn̤ica. Abierta 
853 |8 1  |i (year)  |j (month)  |k (day) 
856 4 0 |z Acceso restringido  |u http://vlex.com/account/login_ip?fuente_id=5302  
942 |c REV